000 00790nam a2200253 4500
001 31970
003 AR-RoBPED
005 20250825132139.0
008 250825e2000 spa||||er|||| 001 f spa d
020 _a844690814X
040 _aAR-RoBPED
041 _aspa
100 1 _aConrad, Joseph
_d1857-1924
_9562
245 _aGaspar Ruiz /
_cJoseph Conrad; traducción de A. Laurent y prólogo de Mauro Cancini.
260 _aBarcelona :
_bAstri,
_c2000.
300 _a94 p.
490 0 _a(Biblioteca Literatura Universal)
650 4 _aLITERATURA INGLESA
_9444
650 4 _aNOVELAS
_925
700 1 _aLaurent, Alberto
_927276
_etrad.
700 _aCancini, Mauro
_930192
_eprol.
942 _2udc
_ak. 31970
_cBK
_h820-31
_mC 74 g
_ninv. 42113
945 _amm 25/08/2025 - cd 25/08/2025
999 _c31970
_d31970